Jazyk a spoločenský vývin

Bibliographic Details
Main Author: Doruľa, Ján, 1933- (Author)
Format: Article
Language:Slovak
Subjects:

MARC

LEADER 00000nab a2200000 a 4500
001 vtls000179602
003 SK-MaSNL
005 20260304051425.0
008 250422c1984 xo 0 slo
015 |a SNBRB19rr/mm-uuuuu 
035 |a CL0189715 
035 |a urn:nbn:sk:snk-ab2f80 
035 |a (urnnbn)urn:nbn:sk:snk:ar-a02c5y 
035 |a (uuid)18c2dccd-14b2-4afe-ad0b-d03a64c14a39 
040 |a SNKBUCL  |b slo  |c SNKBUCL  |e AACR2 
041 0 |a slo 
044 |a xo  |c SK 
080 |a 800.1  |2 1981 
100 1 |a Doruľa, Ján,  |d 1933-  |4 aut  |9 13281 
245 1 0 |a Jazyk a spoločenský vývin  |c Ján Doruľa 
650 0 7 |a jazyk  |2 snkbucl  |9 22980 
655 7 |a články z novín a časopisov  |2 snkbucl  |9 267496 
773 0 |t Slavica slovaca  |g Roč. 19, č. 1 (1984), s. 94-99 
787 0 8 |i Rec.:  |t Mova i procesy suspiľnoho rozvytku  |d Kyjev : Naukova dumka, 1980 
850 |a Slovenská národná knižnica 
852 |a Slovenská národná knižnica 
954 |a odborná, vedecká literatúra pôvodná (slovenská)  |2 lita 
958 |a article27 
958 |a RK 
958 |a SU 
958 |a OND 
958 |a EUIPO 
992 |a RBX 
999 |c 2703513  |d 2705443